[Event "Krakow op-A 29th"]
[Site "Krakow"]
[Date "2019.01.03"]
[Round "8"]
[White "Wojciechowski, Piotr"]
[Black "Baum, Jonasz"]
[Result "1/2-1/2"]
[WhiteElo "2210"]
[BlackElo "2302"]
[PlyCount "193"]
[EventDate "2018.12.27"]
[EventType "swiss"]
[EventRounds "9"]
[EventCountry "POL"]
[SourceTitle "CBM 188 Extra"]
[Source "ChessBase"]
[SourceDate "2019.02.26"]
[SourceVersion "1"]
[SourceVersionDate "2019.02.26"]
[SourceQuality "1"]

1. e4 c5 2. Nf3 d6 3. d4 cxd4 4. Nxd4 Nf6 5. Nc3 a6 6. Nb3 Nc6 7. Be3 Bd7 8. f3 e6 9. Qd2 b5 10. 0-0-0 Rc8 11. Kb1 Ne5 12. Qf2 b4 13. Bb6 Qe7 14. Ne2 Nc4 15. Nf4 e5 16. Bxc4 Rxc4 17. Na5 Rc8 18. Nb7 exf4 19. Nxd6+ Qxd6 20. Rxd6 Bxd6 21. e5 Bxe5 22. Re1 0-0 23. Rxe5 Be6 24. Qd2 Rfe8 25. b3 Rc6 26. Bd8 Nd7 27. Rxe6 Rexe6 28. Ba5 Nf6 29. Bxb4 h6 30. c4 Re3 31. Bd6 g5 32. c5 Rc8 33. Qd4 Ne8 34. h4 Ng7 35. hxg5 hxg5 36. Qa4 Rce8 37. c6 Nf5 38. Bc5 Re1+ 39. Kb2 Ne3 40. Bxe3 R8xe3 41. Qa5 R3e2+ 42. Ka3 Rc1 43. Qxg5+ Kf8 44. Qd8+ Kg7 45. Qd4+ Kg8 46. c7 Rec2 47. Qd8+ Kg7 48. Qg5+ Kh7 49. Qf6 Rxc7 50. Qxa6 R1c6 51. Qd3+ Rg6 52. Qf5 Kg8 53. Qxf4 Ra7+ 54. Kb4 Rxa2 55. g4 Rb6+ 56. Kc3 Ra5 57. Qc4 Rab5 58. f4 Kg7 59. b4 Kg6 60. Qe4+ Kg7 61. Qd4+ Kh7 62. Kb3 Kg8 63. Qc4 Rb8 64. Ka4 R5b7 65. b5 Kf8 66. Qc5+ Kg7 67. Kb4 Kf6 68. Qd6+ Kg7 69. Qc6 Rb6 70. Qc3+ Kg8 71. Qe5 R6b7 72. Qg5+ Kh7 73. Qc5 Kg8 74. Kc4 Kg7 75. Qe5+ Kg8 76. f5 f6 77. Qe6+ Kg7 78. g5 fxg5 79. Qg6+ Kf8 80. Qf6+ Ke8 81. Qg6+ Kf8 82. f6 Rc7+ 83. Kb4 Rcb7 84. Qh6+ Kf7 85. Kc4 Ke6 86. Qg6 Rxb5 87. f7+ Ke7 88. Qg7 Rb4+ 89. Kc3 Rb3+ 90. Kd2 Rb2+ 91. Ke3 R8b3+ 92. Ke4 Rb4+ 93. Kf5 Rf2+ 94. Kg6 Rb6+ 95. Kh5 Rxf7 96. Qxg5+ Rbf6 97. Qe5+ 1/2-1/2

[Event "Krakow op-A 29th"]
[Site "Krakow"]
[Date "2018.12.30"]
[Round "5"]
[White "Seemann, Jakub"]
[Black "Wojciechowski, Piotr"]
[Result "0-1"]
[WhiteElo "1907"]
[BlackElo "2210"]
[PlyCount "120"]
[EventDate "2018.12.27"]
[EventType "swiss"]
[EventRounds "9"]
[EventCountry "POL"]
[SourceTitle "CBM 189 Extra"]
[Source "ChessBase"]
[SourceDate "2019.06.03"]
[SourceVersion "1"]
[SourceVersionDate "2019.06.03"]
[SourceQuality "1"]

1. e4 c5 2. Nf3 e6 3. d4 cxd4 4. Nxd4 Nc6 5. Nc3 Qc7 6. Be2 a6 7. 0-0 Nf6 8. Be3 Bb4 9. Nxc6 dxc6 10. Qd3 0-0 11. Rad1 e5 12. f4 Be6 13. Bc1 Rad8 14. Qg3 Bxc3 15. Qxc3 Nxe4 16. Qe3 f5 17. Bd3 exf4 18. Rxf4 Kh8 19. Rdf1 Qd6 20. h4 h6 21. Qh3 Rfe8 22. b3 Qe5 23. g4 Nc3 24. gxf5 Rxd3 25. cxd3 Ne2+ 26. Kh2 Nxf4 27. Rxf4 Qe2+ 28. Qg2 Bd5 29. Qxe2 Rxe2+ 30. Kh3 Rxa2 31. f6 Kg8 32. Be3 Re2 33. Bd4 g5 34. hxg5 hxg5 35. Rf2 Rxf2 36. Bxf2 Kf7 37. b4 Kxf6 38. Bd4+ Kf5 39. Kg3 Bb3 40. Kf3 Bd1+ 41. Ke3 Kg4 42. Bf6 Bc2 43. Be7 Kh5 44. d4 Kg6 45. Kd2 Be4 46. Ke3 Bd5 47. Bd8 Kf5 48. Be7 g4 49. Bd6 Bf3 50. Bb8 Ke6 51. Kd3 Kd5 52. Bg3 Be4+ 53. Kc3 Bg2 54. Bb8 Bf1 55. Be5 Ke4 56. Bc7 Kf3 57. d5 cxd5 58. Kd4 Bb5 59. Kxd5 Bc6+ 60. Kd4 g3 0-1

[Event "Krakow op-A 29th"]
[Site "Krakow"]
[Date "2018.12.29"]
[Round "4"]
[White "Wojciechowski, Piotr"]
[Black "Om, Kharola"]
[Result "1-0"]
[WhiteElo "2210"]
[BlackElo "2080"]
[PlyCount "62"]
[EventDate "2018.12.27"]
[EventType "swiss"]
[EventRounds "9"]
[EventCountry "POL"]
[SourceTitle "CBM 189 Extra"]
[Source "ChessBase"]
[SourceDate "2019.06.03"]
[SourceVersion "1"]
[SourceVersionDate "2019.06.03"]
[SourceQuality "1"]

1. e4 e5 2. Nf3 Nc6 3. Bb5 a6 4. Bxc6 dxc6 5. 0-0 Bg4 6. h3 h5 7. d3 Qf6 8. Nbd2 Ne7 9. Re1 Ng6 10. d4 Bd7 11. Nc4 exd4 12. Bg5 Qe6 13. Qxd4 f6 14. Bh4 c5 15. Qc3 0-0-0 16. Bg3 Bb5 17. Nfd2 Ne7 18. Na5 b6 19. a4 Be8 20. Ndb3 bxa5 21. Nxc5 Qb6 22. Nxa6 Nc6 23. Nxc7 Bb4 24. Qb3 Nd4 25. Qc4 Qc6 26. Qxc6 Nxc6 27. c3 Bd6 28. Ne6 Rd7 29. Bxd6 Rxd6 30. Nxg7 Ne5 31. Nf5 Bd7 1-0

[Event "POL-UKR U26"]
[Site "Lublin"]
[Date "2012.11.23"]
[Round "4.3"]
[White "Wojciechowski, Piotr"]
[Black "Mjasoedov, Gleb"]
[Result "1-0"]
[WhiteElo "2288"]
[BlackElo "2190"]
[PlyCount "43"]
[EventDate "2012.11.21"]
[EventType "team-tourn"]
[EventRounds "5"]
[EventCountry "POL"]
[SourceTitle "CBM 151 Extra"]
[Source "ChessBase"]
[SourceDate "2012.12.18"]
[SourceVersion "1"]
[SourceVersionDate "2012.12.18"]
[SourceQuality "1"]
[WhiteTeam "Warsaw Univ"]
[BlackTeam "Donetsk National Univ"]
[WhiteTeamCountry "POL"]
[BlackTeamCountry "UKR"]

1. e4 c6 2. d4 d5 3. Nc3 dxe4 4. Nxe4 Nd7 5. Nf3 Ngf6 6. Ng3 e6 7. Bd3 c5 8. 0-0 cxd4 9. Nxd4 Bc5 10. Nb3 0-0 11. Qf3 g6 12. Bh6 Re8 13. Rad1 Qc7 14. Bf4 e5 15. Bg5 Qc6 16. Ne4 Kg7 17. Nxf6 Nxf6 18. Be4 Qb6 19. Be3 Qc7 20. Rd3 Be7 21. Rc3 Qd8 22. Rd1 1-0

[Event "POL-chT 1st League"]
[Site "Poronin"]
[Date "2012.09.??"]
[Round "4"]
[White "Rudolf, Michal"]
[Black "Wojciechowski, Piotr"]
[Result "1/2-1/2"]
[WhiteElo "2384"]
[BlackElo "2307"]
[PlyCount "99"]
[EventDate "2012.09.01"]
[EventType "team-tourn"]
[EventRounds "9"]
[EventCountry "POL"]
[SourceTitle "EXT 2013"]
[Source "ChessBase"]
[SourceDate "2012.11.22"]
[SourceVersion "1"]
[SourceVersionDate "2012.11.22"]
[SourceQuality "1"]
[WhiteTeam "Warszawa YMCA"]
[BlackTeam "Gliwice Politechnika Slaska"]
[WhiteTeamCountry "POL"]
[BlackTeamCountry "POL"]

1. d4 Nf6 2. c4 e6 3. Nc3 Bb4 4. Qc2 d5 5. cxd5 exd5 6. a3 Bxc3+ 7. bxc3 0-0 8. Bg5 Qd6 9. e3 Re8 10. Nf3 h6 11. Bxf6 Qxf6 12. Bd3 Nc6 13. 0-0 Bg4 14. Nd2 Qg5 15. Kh1 Rad8 16. f3 Bh5 17. e4 dxe4 18. fxe4 Bg6 19. Rab1 b6 20. Nf3 Qe7 21. Rbe1 Qxa3 22. Nh4 Ne7 23. Bc4 Rf8 24. Nxg6 Nxg6 25. e5 b5 26. Bxb5 Qa5 27. Bc4 Ne7 28. Qb3 Kh8 29. Bxf7 c5 30. d5 c4 31. Qxc4 Nxd5 32. Bxd5 Rxf1+ 33. Qxf1 Qxd5 34. e6 Re8 35. Qf7 Ra8 36. Qd7 Qf5 37. Qb7 Re8 38. Qd7 Ra8 39. h3 Qf2 40. Rd1 Rg8 41. e7 Qe2 42. c4 Kh7 43. Qd3+ Qxd3 44. Rxd3 Re8 45. Rd7 a5 46. c5 a4 47. c6 a3 48. Ra7 a2 49. c7 Rxe7 50. Rxa2 1/2-1/2

[Event "POL-chT 1st League"]
[Site "Poronin"]
[Date "2012.09.??"]
[Round "1"]
[White "Sadzikowski, Daniel"]
[Black "Wojciechowski, Piotr"]
[Result "1-0"]
[WhiteElo "2445"]
[BlackElo "2307"]
[PlyCount "59"]
[EventDate "2012.09.01"]
[EventType "team-tourn"]
[EventRounds "9"]
[EventCountry "POL"]
[SourceTitle "EXT 2013"]
[Source "ChessBase"]
[SourceDate "2012.11.22"]
[SourceVersion "1"]
[SourceVersionDate "2012.11.22"]
[SourceQuality "1"]
[WhiteTeam "Krakow TKKF Drogowiec"]
[BlackTeam "Gliwice Politechnika Slaska"]
[WhiteTeamCountry "POL"]
[BlackTeamCountry "POL"]

1. d4 Nf6 2. c4 e6 3. Nc3 Bb4 4. Qc2 b6 5. e4 Bb7 6. Bd3 Nc6 7. Nge2 e5 8. d5 Nb8 9. a3 Be7 10. Ng3 0-0 11. Nf5 a5 12. f4 Re8 13. Be2 d6 14. Nxe7+ Qxe7 15. f5 Na6 16. Rb1 c6 17. b4 cxd5 18. exd5 Rac8 19. Qd3 e4 20. Qd4 Ng4 21. Bf4 axb4 22. axb4 Qh4+ 23. Bg3 Qg5 24. Bxg4 Qxg4 25. 0-0 Nb8 26. Rf4 Qh5 27. Nxe4 Rcd8 28. Rg4 Qxg4 29. Nf6+ gxf6 30. Qxg4+ 1-0

[Event "Warsaw Najdorf Memorial op-A"]
[Site "Warsaw"]
[Date "2012.08.06"]
[Round "1"]
[White "Korosciel, Aneta"]
[Black "Wojciechowski, Piotr"]
[Result "0-1"]
[WhiteElo "2074"]
[BlackElo "2314"]
[PlyCount "62"]
[EventDate "2012.08.06"]
[EventType "swiss"]
[EventRounds "9"]
[EventCountry "POL"]
[SourceTitle "CBM 149 Extra"]
[Source "ChessBase"]
[SourceDate "2012.08.24"]
[SourceVersion "1"]
[SourceVersionDate "2012.08.24"]
[SourceQuality "1"]

1. e4 c5 2. Nf3 e6 3. d3 d5 4. Nbd2 Nc6 5. g3 Bd6 6. Bg2 Nge7 7. 0-0 0-0 8. Re1 Qc7 9. c3 Rb8 10. Qe2 f6 11. d4 cxd4 12. cxd4 Nb4 13. e5 fxe5 14. dxe5 Bc5 15. Nb3 b6 16. Nxc5 bxc5 17. Ng5 Nf5 18. Rd1 h6 19. Nh3 Nd4 20. Qg4 Ba6 21. Rxd4 cxd4 22. a3 Nc2 23. Qxe6+ Kh7 24. Rb1 Rb6 25. Qxd5 Bb7 26. Qa5 Bxg2 27. Kxg2 Qb7+ 28. Kg1 Rb5 29. Qd2 Qe4 30. Nf4 Ne1 31. Kf1 Rxe5 0-1

[Event "POL-chT 2nd League"]
[Site "Mrzezyno"]
[Date "2011.09.10"]
[Round "8.31"]
[White "Wojciechowski, Piotr"]
[Black "Licznerski, Lukasz"]
[Result "0-1"]
[WhiteElo "2295"]
[BlackElo "2180"]
[PlyCount "116"]
[EventDate "2011.09.03"]
[EventType "team-swiss"]
[EventRounds "9"]
[EventCountry "POL"]
[SourceTitle "EXT 2019"]
[Source "ChessBase"]
[SourceDate "2018.10.10"]
[SourceVersion "1"]
[SourceVersionDate "2018.10.10"]
[SourceQuality "1"]
[WhiteTeam "Gliwice Politechnika Slaska"]
[BlackTeam "Bydgoszcz Hetman"]
[WhiteTeamCountry "POL"]
[BlackTeamCountry "POL"]

1. e4 c6 2. d4 d5 3. Nc3 dxe4 4. Nxe4 Nd7 5. Ng5 e6 6. Bd3 Ngf6 7. Qe2 Bd6 8. N1f3 h6 9. Ne4 Nxe4 10. Qxe4 Nf6 11. Qh4 Ke7 12. Ne5 Bxe5 13. dxe5 Qa5+ 14. c3 Qxe5+ 15. Be3 b6 16. 0-0-0 g5 17. Bd4 gxh4 18. Bxe5 Bb7 19. Be2 Rad8 20. Bf3 Ba8 21. Rxd8 Rxd8 22. Rd1 Rc8 23. Bd6+ Ke8 24. Rd4 c5 25. Rxh4 Bxf3 26. gxf3 Ng8 27. Bf4 Ke7 28. Kd2 Rd8+ 29. Ke2 Rd5 30. Bb8 Rd7 31. Ra4 a5 32. Rh4 Kf8 33. Bf4 Kg7 34. Be3 Rd5 35. a4 h5 36. Bf4 Ne7 37. Bc7 Nc8 38. c4 Rd7 39. Be5+ f6 40. Bc3 Kg6 41. Rh3 Ne7 42. Rg3+ Kf7 43. f4 Nf5 44. Rg1 Rd8 45. Rc1 Rg8 46. h3 Ke7 47. Ra1 Nd6 48. Rc1 Nf5 49. Kf3 Nh4+ 50. Ke2 Rd8 51. Rg1 Kf7 52. Ra1 Kg6 53. Rg1+ Kf5 54. Rg7 Ng6 55. Bd2 Nxf4+ 56. Bxf4 Kxf4 57. Rh7 Kg5 58. Rg7+ Kf5 0-1

[Event "POL-chT 2nd League"]
[Site "Mrzezyno"]
[Date "2011.09.05"]
[Round "3.73"]
[White "Banasik, Krzysztof"]
[Black "Wojciechowski, Piotr"]
[Result "1/2-1/2"]
[WhiteElo "2241"]
[BlackElo "2295"]
[PlyCount "155"]
[EventDate "2011.09.03"]
[EventType "team-swiss"]
[EventRounds "9"]
[EventCountry "POL"]
[SourceTitle "EXT 2019"]
[Source "ChessBase"]
[SourceDate "2018.10.10"]
[SourceVersion "1"]
[SourceVersionDate "2018.10.10"]
[SourceQuality "1"]
[WhiteTeam "Prudnik LKS Zarzewie"]
[BlackTeam "Gliwice Politechnika Slaska"]
[WhiteTeamCountry "POL"]
[BlackTeamCountry "POL"]

1. e4 c5 2. Nf3 e6 3. Qe2 Nc6 4. g3 g6 5. Bg2 Bg7 6. 0-0 Nge7 7. d3 0-0 8. Re1 e5 9. c3 h6 10. Be3 b6 11. Qd2 Kh7 12. d4 d6 13. Na3 Bg4 14. dxe5 dxe5 15. Qxd8 Raxd8 16. Nd2 Be6 17. Red1 Na5 18. Bf1 f5 19. f3 fxe4 20. fxe4 Rd6 21. Be2 Rfd8 22. b3 Ng8 23. Nb5 R6d7 24. Nf1 Nf6 25. Rxd7 Rxd7 26. Nd2 Ng4 27. Nf1 a6 28. Na3 Rf7 29. Re1 Bf8 30. Nc2 b5 31. Kg2 Bc8 32. h3 Bb7 33. Nd2 Nxe3+ 34. Nxe3 Rd7 35. Rd1 h5 36. Kf2 Bh6 37. Nf3 Rf7 38. Nd5 Nc6 39. Kg2 Bc8 40. h4 Kg7 41. Nb6 Bg4 42. Rd6 Rf6 43. Rxf6 Kxf6 44. Nd5+ Kg7 45. Kf2 Bc8 46. Ne1 Kf7 47. a4 bxa4 48. bxa4 Bf8 49. Nf3 Bd6 50. Ng5+ Kg7 51. Ke3 Na5 52. Nb6 Bb7 53. Ne6+ Kf6 54. Nd8 Bc7 55. Nd7+ Ke7 56. Nxb7 Nxb7 57. Bxa6 Kxd7 58. Bxb7 Bd8 59. Kd3 g5 60. hxg5 Bxg5 61. Kc4 Bd2 62. a5 Kc7 63. Bd5 Be1 64. Kb5 c4 65. Kxc4 Bxg3 66. Kb5 Kd6 67. Kb6 Be1 68. a6 Bxc3 69. Bc4 Bd4+ 70. Kb7 h4 71. Bf1 Be3 72. a7 Bxa7 73. Kxa7 Kc5 74. Kb7 Kd4 75. Bg2 h3 76. Bh1 Ke3 77. Kc6 Kf2 78. Kd5 1/2-1/2

[Event "POL-chT 1st League"]
[Site "Katowice"]
[Date "2010.09.10"]
[Round "7"]
[White "Maksimenko, Andrei"]
[Black "Wojciechowski, Piotr"]
[Result "1-0"]
[WhiteElo "2544"]
[BlackElo "2305"]
[PlyCount "69"]
[EventDate "2010.09.04"]
[EventType "team-tourn"]
[EventRounds "9"]
[EventCountry "POL"]
[SourceTitle "EXT 2019"]
[Source "ChessBase"]
[SourceDate "2018.10.10"]
[SourceVersion "1"]
[SourceVersionDate "2018.10.10"]
[SourceQuality "1"]
[WhiteTeam "Znin Baszta"]
[BlackTeam "Gliwice Politechnika Slaska"]
[WhiteTeamCountry "POL"]
[BlackTeamCountry "POL"]

1. Nf3 c5 2. g3 b6 3. e4 Bb7 4. d3 Nc6 5. Bg2 Nf6 6. 0-0 d6 7. c4 e5 8. Nc3 Be7 9. Nh4 Nd4 10. Nf5 Nxf5 11. exf5 Qd7 12. Bxb7 Qxb7 13. Bg5 Ng8 14. f4 Bxg5 15. fxg5 f6 16. Qh5+ Kf8 17. Nd5 h6 18. a4 a5 19. Ra3 Rb8 20. Rb3 Qc8 21. gxf6 gxf6 22. Qh4 Kf7 23. Qh5+ Kf8 24. Qh4 Kf7 25. g4 Rh7 26. g5 fxg5 27. Qh5+ Kf8 28. f6 Qe8 29. Qg4 Rhb7 30. Rxb6 Rxb6 31. f7 Qxf7 32. Rxf7+ Kxf7 33. Qd7+ Kg6 34. Nxb6 Rxb6 35. Qd8 1-0

[Event "POL-chT 1st League"]
[Site "Katowice"]
[Date "2010.09.06"]
[Round "3"]
[White "Wojciechowski, Piotr"]
[Black "Markowski, Tomasz"]
[Result "1/2-1/2"]
[WhiteElo "2305"]
[BlackElo "2626"]
[PlyCount "171"]
[EventDate "2010.09.04"]
[EventType "team-tourn"]
[EventRounds "9"]
[EventCountry "POL"]
[SourceTitle "EXT 2019"]
[Source "ChessBase"]
[SourceDate "2018.10.10"]
[SourceVersion "1"]
[SourceVersionDate "2018.10.10"]
[SourceQuality "1"]
[WhiteTeam "Gliwice Politechnika Slaska"]
[BlackTeam "Kozuchow Odrodzenie"]
[WhiteTeamCountry "POL"]
[BlackTeamCountry "POL"]

1. e4 c5 2. Nf3 g6 3. d4 Bg7 4. c4 Qb6 5. Nc3 cxd4 6. Nd5 Qa5+ 7. Qd2 Qxd2+ 8. Bxd2 Na6 9. c5 Nf6 10. Bxa6 Nxd5 11. Bc4 Nc7 12. Bf4 Na6 13. Bxa6 bxa6 14. Be5 Bxe5 15. Nxe5 Bb7 16. f3 Rc8 17. Nd3 a5 18. Kd2 Ba6 19. e5 0-0 20. Rac1 Rc6 21. Rhe1 Rb8 22. b3 Bb5 23. Re4 a4 24. bxa4 Bxa4 25. Rxd4 Ra6 26. Rc3 Bb5 27. a3 Rc8 28. Nf4 e6 29. Nd3 Ra5 30. f4 Kf8 31. g3 Ke7 32. Nf2 Bc6 33. Nd3 h5 34. h4 Rc7 35. Rb4 Bb7 36. Nf2 Bg2 37. Nd3 Bf1 38. Rbc4 Rc6 39. a4 Rc7 40. Rc1 Bg2 41. Rb4 Bb7 42. Nf2 Bc6 43. Ne4 Bxe4 44. Rxe4 Raxc5 45. Rxc5 Rxc5 46. Rb4 a5 47. Re4 f6 48. Ke3 Rc3+ 49. Kf2 d5 50. exd6+ Kxd6 51. Rd4+ Ke7 52. Kg2 Rc5 53. Rd3 e5 54. fxe5 fxe5 55. Rb3 Ke6 56. Rb6+ Kf5 57. Ra6 g5 58. hxg5 Kxg5 59. Kf3 Kf5 60. Rh6 Rc3+ 61. Kf2 Ke4 62. Rxh5 Rc2+ 63. Ke1 Ra2 64. g4 Rxa4 65. g5 Kd5 66. Rh6 Re4+ 67. Kd2 Rd4+ 68. Ke2 Kc4 69. Rc6+ Kb4 70. Rb6+ Kc5 71. Re6 Re4+ 72. Kd3 Kd5 73. Ra6 Ra4 74. g6 Ra3+ 75. Ke2 Ke4 76. g7 Rg3 77. Rxa5 Rg2+ 78. Ke1 Rxg7 79. Ra3 Kf4 80. Kf2 e4 81. Ke2 Rg2+ 82. Ke1 Rb2 83. Rh3 Ra2 84. Rb3 Ra4 85. Ke2 Ra8 86. Rc3 1/2-1/2

[Event "Polanica Zdroj op-A 45th"]
[Site "Polanica Zdroj"]
[Date "2009.08.26"]
[Round "9"]
[White "Wojciechowski, Piotr"]
[Black "Seifert, Henryk"]
[Result "1-0"]
[WhiteElo "2279"]
[BlackElo "2235"]
[PlyCount "95"]
[EventDate "2009.08.18"]
[EventType "swiss"]
[EventRounds "10"]
[EventCountry "POL"]
[SourceTitle "CBM 131 Extra"]
[Source "ChessBase"]
[SourceDate "2009.09.03"]
[SourceVersion "2"]
[SourceVersionDate "2009.09.16"]
[SourceQuality "1"]

1. e4 e6 2. d4 d5 3. Nc3 Nf6 4. e5 Nfd7 5. f4 c5 6. Nf3 Nc6 7. Be3 a6 8. Qd2 cxd4 9. Nxd4 Bc5 10. 0-0-0 Bxd4 11. Bxd4 Nxd4 12. Qxd4 Qb6 13. Qd2 0-0 14. h4 f6 15. h5 fxe5 16. h6 g6 17. fxe5 Qf2 18. Re1 Qxd2+ 19. Kxd2 Rf5 20. Bd3 Rxe5 21. Ref1 Rg5 22. Rf2 Ne5 23. Na4 Bd7 24. Nc5 Rf8 25. Rxf8+ Kxf8 26. Nxb7 Rxg2+ 27. Kc3 Nxd3 28. cxd3 e5 29. Nc5 Bc8 30. Re1 Rg5 31. Kb4 Ke7 32. Ka5 Kd6 33. b4 Rg3 34. a4 Bf5 35. Rd1 g5 36. Kxa6 Rg4 37. Kb5 Rd4 38. a5 Bc8 39. Ra1 Kc7 40. a6 Kb8 41. Re1 e4 42. dxe4 dxe4 43. Rxe4 Rxe4 44. Nxe4 Ka7 45. Nxg5 Bxa6+ 46. Kc5 Bd3 47. Kd4 Bb1 48. Ke5 1-0

[Event "Polanica Zdroj op-A 45th"]
[Site "Polanica Zdroj"]
[Date "2009.08.25"]
[Round "8"]
[White "Musialkiewicz, Jan"]
[Black "Wojciechowski, Piotr"]
[Result "1-0"]
[WhiteElo "2115"]
[BlackElo "2279"]
[PlyCount "69"]
[EventDate "2009.08.18"]
[EventType "swiss"]
[EventRounds "10"]
[EventCountry "POL"]
[SourceTitle "CBM 131 Extra"]
[Source "ChessBase"]
[SourceDate "2009.09.03"]
[SourceVersion "2"]
[SourceVersionDate "2009.09.16"]
[SourceQuality "1"]

1. e4 c5 2. Nf3 e6 3. d4 cxd4 4. Nxd4 Nc6 5. Nc3 Qc7 6. Be3 a6 7. Qd2 Nf6 8. f3 Bb4 9. 0-0-0 d5 10. Nxc6 bxc6 11. a3 Ba5 12. b4 Bb6 13. Bxb6 Qxb6 14. g4 0-0 15. h4 dxe4 16. Na4 Qc7 17. g5 Nd7 18. fxe4 a5 19. b5 cxb5 20. Bxb5 Qe5 21. c4 Nc5 22. Nxc5 Qxc5 23. Kb2 Bb7 24. Rhe1 Qe5+ 25. Ka2 Rac8 26. h5 Rc5 27. g6 fxg6 28. Rf1 Rcc8 29. hxg6 hxg6 30. Bd7 Rb8 31. Qd4 Qh2+ 32. Rd2 Qh3 33. Qe5 Qxf1 34. Bxe6+ Qf7 35. Bxf7+ 1-0

[Event "Polanica Zdroj op-A 45th"]
[Site "Polanica Zdroj"]
[Date "2009.08.21"]
[Round "4"]
[White "Obrusnik, Michal"]
[Black "Wojciechowski, Piotr"]
[Result "1-0"]
[WhiteElo "2165"]
[BlackElo "2279"]
[PlyCount "67"]
[EventDate "2009.08.18"]
[EventType "swiss"]
[EventRounds "10"]
[EventCountry "POL"]
[SourceTitle "CBM 131 Extra"]
[Source "ChessBase"]
[SourceDate "2009.09.03"]
[SourceVersion "2"]
[SourceVersionDate "2009.09.16"]
[SourceQuality "1"]

1. e4 c5 2. Nf3 e6 3. d4 cxd4 4. Nxd4 Nc6 5. Nc3 Qc7 6. Be3 a6 7. Bd3 Nf6 8. 0-0 h5 9. h3 Bd6 10. Nxc6 dxc6 11. f4 e5 12. f5 b5 13. a4 Bb7 14. axb5 axb5 15. Rxa8+ Bxa8 16. Bxb5 Ke7 17. Bd3 Rb8 18. b3 Qa5 19. Na4 Qb4 20. Bg5 Qd4+ 21. Kh1 Rh8 22. Qe2 Ke8 23. c3 Qa7 24. Be3 c5 25. b4 Nxe4 26. Bxe4 Qxa4 27. Bxa8 Qxa8 28. Bxc5 Qc6 29. Rd1 Bc7 30. Qc4 Rh6 31. b5 Qb7 32. Ba3 Bd8 33. Qc5 Be7 34. Qxe5 1-0

[Event "Polanica Zdroj op-A 45th"]
[Site "Polanica Zdroj"]
[Date "2009.08.20"]
[Round "3"]
[White "Wojciechowski, Piotr"]
[Black "Nguyen, Piotr"]
[Result "0-1"]
[WhiteElo "2279"]
[BlackElo "2368"]
[PlyCount "96"]
[EventDate "2009.08.18"]
[EventType "swiss"]
[EventRounds "10"]
[EventCountry "POL"]
[SourceTitle "CBM 131 Extra"]
[Source "ChessBase"]
[SourceDate "2009.09.03"]
[SourceVersion "2"]
[SourceVersionDate "2009.09.16"]
[SourceQuality "1"]

1. e4 d6 2. d4 g6 3. Nc3 Bg7 4. Be3 a6 5. a4 Nc6 6. h3 e6 7. Qd2 Nf6 8. Nf3 h6 9. Be2 b6 10. g4 Bb7 11. g5 hxg5 12. Nxg5 Qd7 13. f4 Ne7 14. Rg1 d5 15. e5 Nfg8 16. Bf2 Nf5 17. a5 Nge7 18. Na4 Bc6 19. b3 Nc8 20. Bd3 Bb5 21. Bxf5 gxf5 22. h4 Bf8 23. Rh1 Bxa4 24. Rxa4 b5 25. Ra1 b4 26. Qd3 Qc6 27. Kd1 Na7 28. Be1 Rb8 29. h5 Rb5 30. Qg3 Qd7 31. h6 Nc6 32. Bf2 Ne7 33. Nxf7 Kxf7 34. h7 Bg7 35. Qg5 Nc6 36. Kd2 Kf8 37. Rag1 Rb8 38. Rh5 Re8 39. Rh6 Re7 40. Bh4 Rf7 41. Rf6 Rxh7 42. Qg6 Kg8 43. Rxe6 Nxd4 44. Rxa6 Rf8 45. Bf6 Nf3+ 46. Kc1 Nxg1 47. Qxg1 Qf7 48. Bg5 Qh5 0-1

[Event "Polanica Zdroj op-A 45th"]
[Site "Polanica Zdroj"]
[Date "2009.08.18"]
[Round "1"]
[White "Wojciechowski, Piotr"]
[Black "Lach, Aleksandra"]
[Result "1-0"]
[WhiteElo "2279"]
[BlackElo "2069"]
[PlyCount "73"]
[EventDate "2009.08.18"]
[EventType "swiss"]
[EventRounds "10"]
[EventCountry "POL"]
[SourceTitle "CBM 131 Extra"]
[Source "ChessBase"]
[SourceDate "2009.09.03"]
[SourceVersion "2"]
[SourceVersionDate "2009.09.16"]
[SourceQuality "1"]

1. e4 c5 2. Nf3 d6 3. d4 cxd4 4. Nxd4 Nf6 5. Nc3 a6 6. Bg5 e6 7. f4 h6 8. Bh4 Be7 9. Qf3 Qc7 10. 0-0-0 Nbd7 11. Qg3 0-0 12. Be2 Rb8 13. Bf3 Nb6 14. Rhe1 Ne8 15. Bxe7 Qxe7 16. Qf2 Qc7 17. g4 Nc4 18. h4 Qb6 19. b3 Na3 20. Qd2 Nb5 21. Ndxb5 axb5 22. g5 h5 23. Bxh5 b4 24. Nb1 Ra8 25. Qd4 Qa5 26. f5 exf5 27. g6 f6 28. Be2 b5 29. Qd5+ Kh8 30. exf5 Nc7 31. Qf3 Kg8 32. Qh5 Re8 33. Bc4+ Ne6 34. Qh7+ Kf8 35. Qh8+ Ke7 36. Qxg7+ Kd8 37. Rxe6 1-0

[Event "POL-chT 2nd League"]
[Site "Ustron"]
[Date "2008.09.14"]
[Round "8.5"]
[White "Migala, Andrzej"]
[Black "Wojciechowski, Piotr"]
[Result "1/2-1/2"]
[WhiteElo "2091"]
[BlackElo "2247"]
[PlyCount "127"]
[EventDate "2008.09.06"]
[EventType "team-swiss"]
[EventRounds "9"]
[EventCountry "POL"]
[SourceTitle "EXT 2015"]
[Source "ChessBase"]
[SourceDate "2014.11.20"]
[SourceVersion "1"]
[SourceVersionDate "2014.11.20"]
[SourceQuality "1"]
[WhiteTeam "Ostroda Ostrodzianka"]
[BlackTeam "Gliwice Politechnika Slaska"]
[WhiteTeamCountry "POL"]
[BlackTeamCountry "POL"]

1. e4 c5 2. Nc3 a6 3. Nf3 e6 4. d4 cxd4 5. Nxd4 Qc7 6. g3 Bb4 7. Nde2 Nf6 8. Bg2 Nc6 9. 0-0 0-0 10. Bf4 Qb6 11. Na4 Qa5 12. c4 b5 13. cxb5 axb5 14. Nac3 Bxc3 15. Nxc3 b4 16. Ne2 e5 17. Be3 Ba6 18. Re1 Ng4 19. Nc1 Nxe3 20. Rxe3 Bc4 21. b3 Bb5 22. Bf1 Rfd8 23. Bxb5 Qxb5 24. Rd3 Nd4 25. Ne2 Ne6 26. Rd5 Qb8 27. Qd2 d6 28. Rc1 Qb6 29. Rc4 Rab8 30. Kg2 h6 31. f3 Qa6 32. Nc1 Nd4 33. Nd3 Rdc8 34. Nxb4 Qb6 35. Nd3 Rxc4 36. bxc4 Ne6 37. Rb5 Qc7 38. Rxb8+ Qxb8 39. Qb4 Qa7 40. Qxd6 Qxa2+ 41. Nf2 Qxc4 42. Qxe5 Nd4 43. Qb8+ Kh7 44. Qb1 Nc2 45. Kg1 Qc3 46. Qc1 Qb3 47. Qd1 Qb2 48. Qd2 Qb1+ 49. Qd1 Qb3 50. Qd3 Qb1+ 51. Qd1 Qa2 52. Qd2 Qa1+ 53. Qd1 Qc3 54. Qc1 Qc5 55. Qd2 Ne3 56. h3 Qa3 57. Qe2 Qa1+ 58. Kh2 Qd4 59. Kg1 Nc4 60. Kg2 Qc3 61. Kg1 Ne3 62. Nd1 Nxd1 63. Kh2 Qc1 64. Kg2 1/2-1/2